00390nam a2200145 a 45000010005000000030005000050050017000100080041000270400020000682450029000882600042001173000011001594900011001705000063001815081CDMR20131028173328.0130130s1951||||||||||||||||||||||||||||d aCDMRbcatcCDMR03aLa radio, cette inconnue aParisc1951bÉditions du Sagittaire a176 p. aLa Nef aNúmero especial de Le Nef, revista mensual, núm. 73/74